000 01047nam0a2200289 4500
001 RU\NLR\bibl\733767
005 20260406123537.0
010 _a5-17-027086-0
_bАСТ
010 _a5-9578-1359-1
_bТранзиткнига
_93000
021 _aRU
_b2004-80454
_93969
035 _a(NLR Aleph) 000723704
090 _a719037
_c719037
100 _a20050310d2005 |||y0rusy50 ca
101 1 _arus
_ceng
102 _aRU
105 _ay |||||||||
200 1 _aЛюбовь и гепард
_aПохищенное сердце
_e[романы]
_fБарбара Картленд
_g[пер. с англ. Р.В. Балыбиной, Е.А. Мордашова]
210 _aМосква
_cАСТ
_cТранзиткнига
_d2005
215 _a284, [1] с.
_d21
686 _aШ6(4Вл)67-440.4{Лх1299-50}
700 1 _4070
_8rus
_7ca
_aКартланд
_bБ.
_f1901-2000
_gБарбара
_3RU\NLR\auth\77841
_9110879
801 0 _aRU
_bNLR
_c20050310
_gPSBO
801 1 _aRU
_bNLR
_c20050310
942 _cBOOK
980 _aNB